Diecisiete fábulas del rey león (Registro nro. 4242)

Detalles MARC
000 -CABECERA
Longitud fija campo de control 00983nam a2200277Ia 4500
005 - • FECHA Y HORA DE LA ÚLTIMA TRANSACCIÓN
Fecha y hora de la última transacción 20220317000516.0
008 - • CÓDIGOS DE INFORMACIÓN DE LONGITUD FIJA
Códigos de información de longitud fija 160601s2005 ck a g 000 0 spa
020 ## - • NÚMERO INTERNACIONAL NORMALIZADO PARA LIBROS
Número Internacional Normalizado para Libros (ISBN) 9580412677
040 ## - FUENTE DE LA CATALOGACIÓN
Centro catalogador de origen CO-BoRNBP
Lengua de catalogación spa
Normas de descripción rda
Centro transcriptor CO-BoRNBP
084 ## - • Clasificación Local Alfanúmerica PNLB
Número de clasificación C MUZ1
100 1# - • PUNTO DE ACCESO PRINCIPAL-NOMBRE DE PERSONA
Nombre de persona Muzi, Jean
245 10 - • TITULO PROPIAMENTE DICHO
Título Diecisiete fábulas del rey león
Mención de responsabilidad, etc. Jean Muzi ; traducción de Gabriela Arciniégas ; ilustraciones de Ivar Da Coll
264 ## - PRODUCCIÓN, PUBLICACIÓN , DISTRIBUCIÓN, FABRICACIÓN Y COPYRIGHT
Lugar de producción, publicación, distribución, fabricación Bogotá
Nombre del productor, editor, distribuidor, fabricante Norma
Fecha de de producción, publicación, distribución, fabricación o copyright 2005
300 ## - • DESCRIPCIÓN FÍSICA
Extensión 108 páginas
Otras características físicas ilustraciones
Dimensiones 19 cm
336 ## - TIPO DE CONTENIDO
Término de tipo de contenido texto
Código de tipo de contenido txt
Fuente rdacontent
337 ## - TIPO DE MEDIO
Nombre del tipo de medio sin mediación
Código del tipo de medio n
Fuente rdamedia
338 ## - TIPO DE SOPORTE
Nombre del tipo de soporte volumen
Código del tipo de soporte nc
Fuente rdacarrier
490 ## - • MENCIÓN DE SERIE
Mención de serie Torre de papel
Nombre de la parte/sección (NR) Torre azul.
650 14 - • PUNTO DE ACCESO ADICIONAL DE MATERIA - TÉRMINO DE MATERIA
Fuente del encabezamiento o término LEMB
Término de materia o nombre geográfico como elemento inicial Cuentos infantiles marroquies
650 14 - • PUNTO DE ACCESO ADICIONAL DE MATERIA - TÉRMINO DE MATERIA
Fuente del encabezamiento o término LEMB
Término de materia o nombre geográfico como elemento inicial Literatura infantil marroquí
650 14 - • PUNTO DE ACCESO ADICIONAL DE MATERIA - TÉRMINO DE MATERIA
Fuente del encabezamiento o término LEMB
Término de materia o nombre geográfico como elemento inicial Leones en la literatura
650 14 - • PUNTO DE ACCESO ADICIONAL DE MATERIA - TÉRMINO DE MATERIA
Fuente del encabezamiento o término LEMB
Término de materia o nombre geográfico como elemento inicial Astucia en la literatura
700 1# - • PUNTO DE ACCESO ADICIONAL - NOMBRE DE PERSONA
Nombre de persona Da Coll, Ivar
Término indicativo de función ilustrador
700 1# - • PUNTO DE ACCESO ADICIONAL - NOMBRE DE PERSONA
Nombre de persona Arciniegas, Gabriela,
Término indicativo de función traductor
942 ## - ENTRADA DE ELEMENTOS AGREGADOS (KOHA)
Fuente de clasificaión o esquema
Koha [por defecto] tipo de item Libro Infantil
Existencias
Perdido Fuente de clasificación o esquema Estado Físico No para préstamo Forma de adquisición Localización permanente Localización actual Localización en estanterías Fecha adquisición Préstamos totales Signatura completa Código de barras Fecha última consulta Número de copia Fecha del precio de reemplazo Tipo de item de Koha
  Dewey Decimal Classification     Infantil Biblioteca Pública Puerto López - Jorge Eliecer Gaitán Biblioteca Pública Puerto López - Jorge Eliecer Gaitán Sala Infantil 04/30/2025   C MUZ1 PLZ00743 04/30/2025 Ej.1 04/30/2025 Libro Infantil
  Dewey Decimal Classification     Infantil Biblioteca Pública San Carlos de Guaroa - Eduardo Carranza Biblioteca Pública San Carlos de Guaroa - Eduardo Carranza Sala Infantil 06/07/2023   C MUZ1 SG00518 06/07/2023 Ej.1 06/07/2023 Libro Infantil
  Dewey Decimal Classification       Biblioteca Pública Puerto Rico Biblioteca Pública Puerto Rico Sala Infantil 06/08/2023   C MUZ1 EJ. 1 PR0000012141 06/08/2023 Ej.1 06/08/2023 Libro Infantil









Instituto Departamental de Cultura del Meta - Red Departamental de Bibliotecas Públicas del Meta.